| 000 | 00396 a2200169 4500 | ||
|---|---|---|---|
| 001 | 44717 | ||
| 020 | _a8526254995 | ||
| 040 | _cAnchieta - Aquarius | ||
| 100 | _aMoraes, Antonieta Dias de | ||
| 240 | 1 | 0 |
_aOs dois tatus e o berimbau _lpor |
| 245 | 1 | 0 | _aOs dois tatus e o berimbau |
| 300 | _a23 | ||
| 362 | 0 | _a2006 | |
| 440 | 1 | _aScipione | |
| 650 | 4 | _aLiteratura infanto-juvenil | |
| 942 | _cBK | ||
| 999 |
_c44717 _d44717 |
||